| 000 | 003220000a22001330004500 | ||
|---|---|---|---|
| 003 | MACL | ||
| 040 | _aMACL | ||
| 090 |
_c9048 _d9047 |
||
| 100 | _aShastri, J L | ||
| 245 |
_aSivaP̜urana _bThe Ancient Indian Tradition & Mythology |
||
| 260 |
_bMotilal Banarsidass Publishers _c1982 |
||
| 650 | _aReligion | ||
| 942 |
_cBOOK _k294 |
||
| 999 |
_c8993 _d8993 |
||